000 00520nmm a2200205 a 4500
003 AR-BaBNM
005 20251128203628.0
008 170020s1937 ||||||||||||||000 | spa||
040 _cAR-BaBNM
100 1 _aLafuente Machaín, Ricardo de
245 1 0 _aConquistadores del Río de la Plata
260 _aBuenos Aires
_b[s.n.]
_c1937
300 1 _axiv, 696 p.
650 4 _aDICCIONARIOS
650 4 _aBIOGRAFIAS
655 _aREFERENCIA
700 1 _aTerán, Juan B.
_eprologuista
942 _cBK
998 _cCarmen
999 _c4220
_d4220